Daňová politika vo vybraných krajinách OECD bakalárska práca

Uložené v:
Podrobná bibliografia
Hlavný autor: Mihalčin, Ján
Korporativný autor: Národohospodárska fakulta EU. Katedra financií
Ďalší autori: Geško, Martin
Médium: Kniha
Jazyk:Slovak
Vydavateľské údaje: Bratislava 2012
Tagy: Pridať tag
Žiadne tagy, Buďte prvý, kto otaguje tento záznam!

MARC

LEADER 00000nbm a2200000 4500
001 0155912
005 20161109111925.1
041 0 |a slo 
044 |a SK 
245 1 0 |a Daňová politika vo vybraných krajinách OECD  |b bakalárska práca  |c Ján Mihalčin ; školiteľ: Martin Geško 
264 1 |a Bratislava  |c 2012 
300 |a 53 s. 
100 1 |a Mihalčin, Ján 
700 1 |a Geško, Martin 
710 2 |a Národohospodárska fakulta EU. Katedra financií